000 01727nam a22002657a 4500
005 20240402073749.0
008 240402b ||||| |||| 00| 0 eng d
020 _a9780190943462
020 _a0190943467
020 _a9780190943479
020 _a0190943475
040 _aCO-BoUCM
_cDavid Moreno
_dDavid Moreno
041 _aeng
100 1 _aChurch, Joseph
_d1957-
_9180398
245 _aRock in the musical theatre
_ba guide for singers
_cJoseph Church
260 _aNew York, NY
_bOxford University Press
_c2019
300 _axvii, 197 Paginas
_bilustraciones
504 _aIncluye referencias bibliográficas e índices
505 _rIntroduction -- Part I : History, aesthetics, and literature. Background and rock aesthetics ; Popular song vs. theatre song -- Part II. Theory and technique. Acting values in rock theatre songs ; Musical values in rock theatre songs ; Singing rock : vocal production and vocalism ; Rock songs : a selective, annotated survey -- Part III. Process-Coaching sessions. Little shop of horrors : "Suddenly Seymour" ; Rent : "Take me or leave me" ; School of rock : "When I climb to the top of Mount Rock" ; Dreamgirls : "I am changing" ; The lion king : "Endless night" ; Beautiful : "Will you love me tomorrow" ; Kinky boots : "The history of wrong guys" ; Tommy : "Pinball wizard" and Spring awakening : "The bitch of living" ; Bare : a pop opera : "Plain Jane fat ass" and "All grown up". -- Appendix.
650 1 4 _aTeatro musical
_xInstrucción y estudio
_9176549
650 1 4 _aCanto
_xInstrucción y estudio
_9180298
650 1 4 _aMúsica rock
_xInstrucción y estudio
_9180399
942 _2DEWEY
_a17
_cLIBRO
_e1
_h782.1
_mC561r
_n0
999 _c324064
_d324064